| 000 | 00814cam a22002771 4500 | ||
|---|---|---|---|
| 001 | sa 68001112 | ||
| 003 | DLC | ||
| 005 | 20260227112430.0 | ||
| 008 | 710903s1967 ii a b 00010 eng | ||
| 010 | _asa 68001112 //r90 | ||
| 025 | _aPL480:I-E-9304 | ||
| 040 |
_aDLC _cDLC _dDLC |
||
| 043 | _aa-ii--- | ||
| 050 | 0 | 0 |
_aLA1152 _b.T4 |
| 082 | 0 | 0 | _a372.9/54/2 |
| 100 | 1 | 0 |
_aTewari, D. D., _d1920- |
| 245 | 1 | 0 |
_aPrimary education in U.P., _cby D. D. Tewari. |
| 250 | _a[1st ed.] | ||
| 260 | 0 |
_aAllahabad, _bRam Narain Lal Beni Madho _c[1967] |
|
| 300 |
_axxvii, 532 p. _billus. (1 fold.) _c23 cm. |
||
| 350 | _aRs30 | ||
| 500 | _aBased on the author's thesis, University of Allahabad. | ||
| 504 | _aBibliography: p. 513-522. | ||
| 650 | 0 | _aEducation, Primary. | |
| 650 | 0 |
_aEducation _zIndia _zUttar Pradesh. |
|
| 999 |
_c77709 _d77709 |
||